00375nam a22001337a 4500003000400000008004100004020001800045082001300063100002200076245003500098250001000133260005100143700004700194OSt201026b ||||| |||| 00| 0 eng d a9789352718603 a657bMAI aMAHESHWARI, S. N. aAn Introduction to Accountancy a12th  aNew DelhibVikas Publishing House c01/01/2018 aSuneel K. Maheshwari, Sharad K. Maheshwari